| 000 | 00505nam a2200181Ia 4500 | ||
|---|---|---|---|
| 001 | 56190 | ||
| 008 | 130218n2010 ii |||gr||||Z||||||465 | ||
| 082 | _a891.4109 | ||
| 245 | 0 |
_aBirendra Kumar Bhattacharyya : Oupanyasik _cGobinda Prasad Sarma _hTextual Documents |
|
| 250 | _aIst ed. | ||
| 260 |
_aAssam _bBanalata _c2010 |
||
| 300 |
_a159pg: _c23cm. |
||
| 653 | _aAssamese | ||
| 653 | _aAssamese literature | ||
| 653 | _aDeptt- Assamese | ||
| 700 |
_aSarma, Gobinda Prasad, _eAuthor. |
||
| 942 |
_2ddc _cBK |
||
| 999 |
_c56114 _d56114 |
||